01007cas a22003017a 450000500170000000800410001701000100005801100100006803500100007824500800008826000930016830000070026131000150026836200140028350000510029759000410034859000410038959000410043059000420047165000260051365000560053986600210059586600210061686600210063790100070065890500230066599900170068820220817043548.0990630d cu qu pernn 0 0b1spa d a78518 a79490 a8974600aBaracoac/por Instituto Nacional de Desarrollo y Aprovechamiento Forestales0 aLa Habana, Cuba :bInstituto Nacional de Desarrollo y Aprovechamiento Forestales,c1970- av. aTrimestral1 av.6 n.3-4 aSe dejó de recibir a partir dl v.7 n.4,1977. aBATCH-UPDb10c20130110lUCH01h0633 aBATCH-UPDb10c20130410lUCH01h0317 aBATCH-UPDb10c20130914lUCH01h0720 aCONVERSIONb10c20130109lUCH01h134304aBosquesxCuba.91411904aBosquesxUtilizaciónxPublicaciones periódicas. av.4 n.1-2 (1974) av.6 n.1-4 (1976) av.7 n.3-4 (1977) aSE aLilia Sánchez G. c78518d78518